How to Testnormality and other Distributional Assuptions : Volume: 3
Gespeichert in:
| 1. Verfasser: | |
|---|---|
| Format: | Buch |
| Sprache: | Englisch |
| Veröffentlicht: |
ASQC Quality Press,
1990
|
| Ausgabe: | vyd.3 |
| Tags: |
Keine Tags, Fügen Sie das erste Tag hinzu!
|
MARC
| LEADER | 00000nam a22000003a 4500 | ||
|---|---|---|---|
| 001 | stu73169 | ||
| 005 | 20150617225649.1 | ||
| 008 | 020108s1990----xxu-----------------eng-d | ||
| 020 | |a 0-87389-015-9 | ||
| 040 | |a STU |b slo | ||
| 041 | 0 | |a eng | |
| 044 | |a xxu | ||
| 100 | 1 | |a Shapiro, Samuel S. |4 aut | |
| 245 | 1 | |a How to Testnormality and other Distributional Assuptions : |b Volume: 3 | |
| 250 | |a vyd.3 | ||
| 260 | |b ASQC Quality Press, |c 1990 | ||
| 300 | |a 92 s | ||
| 996 | |b 284J005770 |c J*98849 |l JJK18 |s P |a 0 |w stu73169_0001 | ||